Statistics for Juventus - Lyon Champions League 2019-20

Click here to take the quiz!

General Stats

  • This quiz has been taken 192 times
  • The average score is 20 of 33

Answer Stats

Player% Correct
Cristiano Ronaldo ²
94%
Anthony Lopes
88%
Paulo Dybala
88%
Leonardo Bonucci
85%
Memphis Depay ¹
84%
Houssem Aouar
83%
Fernando Marçal
77%
Moussa Dembélé
77%
Jason Denayer
75%
Alex Sandro
73%
Maxwel Cornet
73%
Marcelo
70%
Bruno Guimarães
66%
Karl Toko-Ekambi
66%
Maxence Caqueret
66%
Rudi Garcia
66%
Juan Cuadrado
63%
Léo Dubois
63%
Adrien Rabiot
62%
Matthijs de Ligt
61%
Gonzalo Higuaín
60%
Wojciech Szczęsny
59%
Danilo
54%
Miralem Pjanić
53%
Maurizio Sarri
52%
Federico Bernardeschi
46%
Jeff Reine-Adélaïde
46%
Thiago Mendes
46%
Rodrigo Bentancur
42%
Kenny Tete
37%
Aaron Ramsey
25%
Joachim Andersen
21%
Marco Olivieri
7%

Score Distribution

Percentile by Number Answered

Percent of People with Each Score

Your Score History

You have not taken this quiz